000 00606pam a2200181 a 4500
020 _a0879422297
082 0 0 _a306/.46
_bENG
_cl-37,P81
245 0 0 _aEngineering excellence, cultural and organizational factors /
_cDonald Christiansen, editor.
260 _aNew York :
_bIEEE Press,
_cc1987.
300 _axvi, 263 p. :
_bill. ;
_c24 cm.
526 _a0
_b0
_c0
_d306_460000000000000_ENG
650 0 _aEngineering
_zEurope.
_937623
650 0 _aEngineering
_zJapan.
_937624
650 0 _aEngineering
_zUnited States.
_937625
650 0 _aMCE
_9379
700 1 _aChristiansen, Donald.
_937626
942 _2ddc
_cBK
999 _c542447
_d542447